000 00298nam a22001337a 4500
008 170213b xxu||||| |||| 00| 0 eng d
020 _a9780815117315
041 _aeng
080 _a61
100 _a4
101 _aSHM
245 _aLABORATORY PROFILES EQUINE DISEASES
_cEADES.C
942 _2udc
_cBK
999 _c5252
_d5252